| 000 | 00392nam a22001577a 4500 | ||
|---|---|---|---|
| 005 | 20170822175143.0 | ||
| 008 | 160426b xxu||||| |||| 00| 0 eng d | ||
| 020 | _a0-14-051152-0 | ||
| 040 | _dBSU | ||
| 082 |
_221 _a909.09 EVE |
||
| 100 |
_aMcEvedy,Colin _918415 |
||
| 245 | _aThe Penguin atlas of Medieval History | ||
| 260 |
_aUSA _bPenguin Books |
||
| 300 | _ax,265p. | ||
| 942 |
_2ddc _cBK |
||
| 999 |
_c10560 _d10560 |
||